| 000 | 00617nam a2200205Ii 4500 | ||
|---|---|---|---|
| 003 | JO-AjNU | ||
| 008 | 230606s9999||||xx |||||||||||||| ||und|| | ||
| 020 | _a0-07-032473-5 | ||
| 040 |
_aJO-AjNU _beng _erda _cJO-AjNU |
||
| 041 | _aeng | ||
| 050 | 1 | 4 | _aHG4026.M62 1984 |
| 100 | 3 |
_aedited: Jensen,Michael C / Smith,Clifford W, _eauthor _93235 |
|
| 245 | 0 | 4 | _aThe Modern Theory of Corporate Finance |
| 264 | 3 | 1 | _aNew York: Mc Graw Hill Book,1984 |
| 300 | _a773p | ||
| 336 |
_atext _btxt _2rdacontent |
||
| 337 |
_aunmediated _bn _2rdamedia |
||
| 338 |
_avolume _bnc _2rdacarrier |
||
| 650 | 4 |
_aCorporate Finance _93236 |
|
| 999 |
_aE1693 _c1693 _d1693 |
||